MOMIAS DE ÜRÜNCHI, LAS (Record no. 30424)
[ view plain ]
| 000 -CABECERA | |
|---|---|
| campo de control de longitud fija | 00388nam a2200169Ia 4500 |
| 001 - NÚMERO DE CONTROL | |
| campo de control | 26032 |
| 005 - FECHA Y HORA DE LA ÚLTIMA TRANSACCIÓN | |
| campo de control | 20260407082630.0 |
| 008 - CÓDIGOS DE INFORMACIÓN DE LONGITUD FIJA | |
| campo de control de longitud fija | 260115s9999 xx 000 0 und d |
| 035 ## - NÚMERO DE CONTROL DEL SISTEMA | |
| Número de control de sistema | 16617 |
| 090 ## - LOCALMENTE ASIGNADO TIPO-LC NÚMERO DE CLASIFICACIÓN (OCLC); NÚMERO DE CLASIFICACIÓN LOCAL (RLIN) | |
| Número de clasificación (OCLC) (R) ; Numero de clasificación CALL (RLIN) (NR) | 903:904 |
| 100 ## - PUNTO DE ACCESO PRINCIPAL - NOMBRE DE PERSONA | |
| Nombre de persona | WAILAND BARBER, ELIZABETH |
| 245 #0 - MENCIÓN DE TÍTULO | |
| Título | MOMIAS DE ÜRÜNCHI, LAS |
| 260 ## - PUBLICACIÓN, DISTRIBUCIÓN, ETC. (PIE DE IMPRENTA) | |
| Nombre del editor distribuidor etc. | DEBATE |
| Fecha de publicación distribución etc. | 2001 |
| 630 ## - PUNTO DE ACCESO ADICIONAL DE MATERIA--TÍTULO UNIFORME | |
| Título uniforme | ARQUEOLOGIA |
| 650 ## - PUNTO DE ACCESO ADICIONAL DE MATERIA--TÉRMINO DE MATERIA | |
| Término de materia o nombre geográfico como elemento inicial | ARQUEOLOGIA |
| 942 ## - ELEMENTOS DE PUNTO DE ACCESO ADICIONAL (KOHA) | |
| Tipo de ítem Koha | Monografías |
| Estado de retiro | Estado de pérdida | Estado dañado | No para préstamo | Código de colección | Localización permanente | Ubicación/localización actual | Fecha de adquisición | Total de préstamos | Signatura topográfica completa | Código de barras | Fecha visto por última vez | Número de copia | Precio válido a partir de | Tipo de ítem Koha | Nota pública |
|---|---|---|---|---|---|---|---|---|---|---|---|---|---|---|---|
| Servicio de Estudios Históricos | Servicio de Estudios Históricos | 09/08/2001 | 903:904 | 22862 | 05/02/2026 | 1 | 05/02/2026 | Monografías | 23´5 CTMS. 306 PAGS.2900 PTAS (1º7´43 E). MADRID |
